[Event "Tournoi Skype 025A"]
[Site "Skype"]
[Date "????.??.??"]
[Round "1.34"]
[White "Escudero Ocana, Francisco"]
[Black "Aravena, Alvaro"]
[Result "1-0"]
[WhiteElo "1406"]
[BlackElo "1643"]
[PlyCount "48"]

1. e4 e6 2. d4 d5 3. e5 c5 4. c3 Bd7 5. Nf3 Nc6 6. Bd3 cxd4 7. cxd4 Qb6 8. Bc2
Nb4 9. Nc3 Nxc2+ 10. Qxc2 Rc8 11. O-O Bb4 12. Rd1 Ne7 13. Qd3 Nf5 14. a3 Bxc3
15. bxc3 Qa5 16. Bb2 h6 17. Rac1 g5 18. h3 Ke7 19. c4 dxc4 20. Rxc4 Bb5 21.
Rxc8 Bxd3 22. Rxh8 Be2 23. Rc1 Bxf3 24. gxf3 Qd2 1-0

[Event "Tournoi Skype 025A"]
[Site "Skype"]
[Date "????.??.??"]
[Round "1.35"]
[White "Yeter, Orhan"]
[Black "Khabou, Taha"]
[Result "1-0"]
[WhiteElo "1638"]
[BlackElo "1394"]
[PlyCount "119"]

1. e4 e6 2. d4 d5 3. Nd2 dxe4 4. Nxe4 Nd7 5. Nf3 Ngf6 6. Nxf6+ Nxf6 7. Bd3 Bd6
8. O-O Bd7 9. Bg5 h6 10. Bh4 g5 11. Bg3 Bxg3 12. fxg3 Qe7 13. a4 Ng4 14. Qe2
Bc6 15. Ne5 Nxe5 16. Qxe5 O-O-O 17. c4 Qd6 18. Qxd6 Rxd6 19. Rxf7 Rxd4 20. Bf1
Rd2 21. b4 Be4 22. Re1 Bf5 23. b5 Ra2 24. Rd1 Rd8 25. Rxd8+ Kxd8 26. Rf8+ Ke7
27. Rb8 b6 28. Rb7 Rxa4 29. Rxc7+ Kd6 30. Rc8 h5 31. Rh8 Ra2 32. Rxh5 g4 33.
Rg5 Ke5 34. Rg7 Ke4 35. h3 gxh3 36. gxh3 Ke3 37. Re7 Ra1 38. g4 Bd3 39. Rxe6+
Kd4 40. Rf6 Bxc4 41. Kg2 Bd5+ 42. Kg3 Ra3+ 43. Kh4 Ke3 44. Rd6 Bf7 45. Rd7 Bg6
46. Bg2 Kf2 47. Bc6 Kg1 48. Rd1+ Kf2 49. Rh1 Ke3 50. Kg5 Be4 51. Re1+ Kf2 52.
Rxe4 Rxh3 53. Ra4 Rh7 54. Kg6 Rc7 55. Kf6 a5 56. g5 Ke3 57. g6 Kd2 58. g7 Rc8
59. Rg4 Rf8+ 60. gxf8=Q 1-0

[Event "Tournoi Skype 025A"]
[Site "Skype"]
[Date "????.??.??"]
[Round "1.36"]
[White "Bankhede, Shivkumar"]
[Black "Mishra, Sourabh"]
[Result "0-1"]
[WhiteElo "1287"]
[BlackElo "1633"]
[PlyCount "86"]

1. d4 d5 2. c4 c6 3. Nf3 Nf6 4. e3 Be6 5. Nc3 dxc4 6. Ng5 Qd7 7. Nxe6 Qxe6 8.
Qc2 b5 9. g3 a6 10. Bg2 Ra7 11. O-O Qc8 12. Ne4 Nxe4 13. Bxe4 g6 14. b3 cxb3
15. axb3 Bg7 16. Ba3 O-O 17. Rac1 Rc7 18. d5 Be5 19. dxc6 Qe6 20. Rfd1 Rfc8 21.
Bd5 Qf6 22. f4 Bd6 23. Bb2 e5 24. fxe5 Bxe5 25. Bxe5 Qxe5 26. Qe4 Qxe4 27. Bxe4
Nxc6 28. Bxc6 Rxc6 29. Rxc6 Rxc6 30. Kf2 Rc2+ 31. Kf3 Rxh2 32. Ra1 Rb2 33. Rxa6
Rxb3 34. Rb6 h5 35. Kf4 Rb1 36. e4 Kg7 37. e5 b4 38. Kg5 b3 39. g4 hxg4 40.
Kxg4 b2 41. e6 fxe6 42. Rxe6 Rg1+ 43. Kf4 b1=Q 0-1

[Event "Tournoi Skype 025A"]
[Site "Skype"]
[Date "????.??.??"]
[Round "2.1"]
[White "Dal, Ibrahim"]
[Black "Sojka, Bernard"]
[Result "0-1"]
[WhiteElo "1803"]
[BlackElo "2088"]
[PlyCount "54"]

1. d4 Nf6 2. Nf3 c5 3. e3 g6 4. c4 Bg7 5. Nc3 cxd4 6. exd4 O-O 7. Bd3 d5 8. O-O
Nc6 9. Be3 Bg4 10. h3 Bxf3 11. Qxf3 dxc4 12. Bxc4 Nxd4 13. Qxb7 Nc2 14. Rad1
Qc8 15. Qb3 Nxe3 16. fxe3 Rb8 17. Qa4 Rxb2 18. Nd5 Nxd5 19. Bxd5 e6 20. Bb3 Re2
21. Qxa7 Bh6 22. Rf3 Qc3 23. Qe7 Qb2 24. Qc7 Rxg2+ 25. Kh1 e5 26. Qxf7+ Rxf7
27. Rd8+ Bf8 0-1

[Event "Tournoi Skype 025A"]
[Site "Skype"]
[Date "????.??.??"]
[Round "2.2"]
[White "Murgia, Stefano"]
[Black "Benson, Paul"]
[Result "0-1"]
[WhiteElo "1796"]
[BlackElo "2082"]
[PlyCount "76"]

1. e4 c5 2. a4 g6 3. Nc3 Bg7 4. Bb5 a6 5. Bc4 e6 6. d3 Ne7 7. f4 Nbc6 8. Nf3
O-O 9. O-O d5 10. Ba2 d4 11. Ne2 b5 12. Qe1 Nb4 13. Bb3 bxa4 14. Rxa4 Qb6 15.
Kh1 Bd7 16. Ra3 a5 17. Bd2 a4 18. Qa1 Qc6 19. Nfxd4 Qb7 20. Bxa4 Rab8 21. Bxb4
cxb4 22. Rb3 Ra8 23. c3 Bxa4 24. Rxb4 Qd7 25. Qe1 Nc6 26. Nxc6 Bxc6 27. Nc1
Rfb8 28. Rxb8+ Rxb8 29. Rf2 Qa7 30. d4 Qa1 31. b4 Bxe4 32. Ra2 Qb1 33. Qd2 Bd5
34. Rb2 Qe4 35. Nd3 Ra8 36. h3 Ra1+ 37. Kh2 Bh6 38. b5 Bc4 0-1

[Event "Tournoi Skype 025A"]
[Site "Skype"]
[Date "????.??.??"]
[Round "2.3"]
[White "Siret, Bernard"]
[Black "Karia, Vijay"]
[Result "1/2-1/2"]
[WhiteElo "2073"]
[BlackElo "1803"]
[PlyCount "65"]

1. d4 d5 2. e4 dxe4 3. Nc3 Bf5 4. f3 exf3 5. Nxf3 c6 6. Ne5 Nd7 7. Bf4 e6 8.
Qd2 Ngf6 9. Bd3 Bxd3 10. Qxd3 Bb4 11. O-O O-O 12. Rad1 Qe7 13. Nf3 h6 14. Ne4
Nxe4 15. Qxe4 Nf6 16. Qe2 Bd6 17. Be5 Ng4 18. Bxd6 Qxd6 19. c4 Rad8 20. Rd3 Rd7
21. a3 Rfd8 22. h3 Nf6 23. Ne5 Re7 24. Rxf6 gxf6 25. c5 Qd5 26. Qf2 fxe5 27.
Qf6 Kh7 28. Qxe7 Qd7 29. Qf6 exd4 30. b4 b6 31. Kf1 bxc5 32. bxc5 a6 33. Kg1
1/2-1/2

[Event "Tournoi Skype 025A"]
[Site "Skype"]
[Date "????.??.??"]
[Round "2.4"]
[White "Calcino, Luis"]
[Black "Prasath, Malola"]
[Result "0-1"]
[WhiteElo "1707"]
[BlackElo "2042"]
[PlyCount "74"]

1. e4 Nc6 2. Nc3 e5 3. Nf3 Nf6 4. Bc4 Be7 5. O-O O-O 6. Re1 d6 7. h3 a6 8. Nd5
Nxd5 9. Bxd5 Be6 10. c3 Qd7 11. d3 Bxd5 12. exd5 Nd8 13. Bg5 f6 14. Be3 Nf7 15.
Nh2 f5 16. f4 g5 17. g3 Kh8 18. Kh1 Rg8 19. Qh5 Rg7 20. Rg1 Rag8 21. b3 Bf6 22.
Rac1 Rg6 23. Qe2 Rh6 24. Qf1 c6 25. fxg5 Bxg5 26. Bxg5 Rxg5 27. h4 Rg7 28. Qf3
Rhg6 29. dxc6 bxc6 30. Rcf1 Nh6 31. Rf2 d5 32. Rfg2 d4 33. c4 Ng4 34. Nxg4 Rxg4
35. Re1 e4 36. dxe4 f4 37. Kg1 Rxg3 0-1

[Event "Tournoi Skype 025A"]
[Site "Skype"]
[Date "????.??.??"]
[Round "2.5"]
[White "Ibarra Cantu, Raul Alberto"]
[Black "Saponara, Jose Maria"]
[Result "1-0"]
[WhiteElo "1972"]
[BlackElo "1774"]
[PlyCount "59"]

1. Nf3 g6 2. c4 Bg7 3. d4 Nf6 4. Nc3 d6 5. e4 O-O 6. Be2 e5 7. O-O Nc6 8. d5
Ne7 9. b4 Nd7 10. Nd2 f5 11. f3 f4 12. Ba3 Rf7 13. c5 g5 14. Nc4 Nf6 15. b5 Ne8
16. Bb4 Ng6 17. a4 Bf8 18. c6 Qf6 19. a5 Rb8 20. b6 axb6 21. axb6 bxc6 22. dxc6
Be6 23. b7 Ne7 24. Nd5 Bxd5 25. exd5 Nf5 26. Ra8 Qd8 27. Qa4 Nf6 28. Rxb8 Qxb8
29. Qa8 Nd7 30. cxd7 1-0

[Event "Tournoi Skype 025A"]
[Site "Skype"]
[Date "????.??.??"]
[Round "2.7"]
[White "Diaz, Jose Garcia"]
[Black "Engstrom, Olle"]
[Result "1/2-1/2"]
[WhiteElo "1880"]
[BlackElo "1649"]
[PlyCount "33"]

1. c4 g6 2. Nc3 Bg7 3. e3 Nf6 4. Nf3 O-O 5. Be2 d6 6. O-O e5 7. d4 Nc6 8. d5
Ne7 9. e4 Ne8 10. h3 f5 11. exf5 gxf5 12. Ng5 Nf6 13. Ne6 Bxe6 14. dxe6 c6 15.
Qb3 Qc8 16. Bg5 Rb8 17. Rfd1 1/2-1/2

[Event "Tournoi Skype 025A"]
[Site "Skype"]
[Date "????.??.??"]
[Round "2.8"]
[White "Lovell, Stan"]
[Black "Rico Hernandez, Edgar"]
[Result "1/2-1/2"]
[WhiteElo "1672"]
[BlackElo "1871"]
[PlyCount "49"]

1. e4 c6 2. d3 d5 3. Nd2 dxe4 4. dxe4 Nf6 5. Ngf3 Bg4 6. Bc4 e6 7. O-O Be7 8.
h3 Bh5 9. c3 Nbd7 10. Re1 O-O 11. Bb3 Ne5 12. Bc2 Qc7 13. Qe2 Rad8 14. g4 Nxf3+
15. Nxf3 Bg6 16. Bg5 Ne8 17. Bxe7 Qxe7 18. Qe3 a6 19. Rad1 Nf6 20. Ne5 Rxd1 21.
Rxd1 Rd8 22. Nxg6 Rxd1+ 23. Bxd1 hxg6 24. Qd3 Qd7 25. Qxd7 1/2-1/2

[Event "Tournoi Skype 025A"]
[Site "Skype"]
[Date "????.??.??"]
[Round "2.9"]
[White "Altinok, Kerim"]
[Black "Yeter, Orhan"]
[Result "1-0"]
[WhiteElo "1865"]
[BlackElo "1638"]
[PlyCount "75"]

1. d4 d5 2. Nf3 c6 3. c4 Nf6 4. Nc3 dxc4 5. a4 e6 6. e3 Bb4 7. Bxc4 O-O 8. O-O
Nbd7 9. Qc2 c5 10. Na2 Qa5 11. Nxb4 Qxb4 12. Bd2 Qb6 13. Bc3 cxd4 14. Bxd4 Qc6
15. Rac1 Nb6 16. Bb5 Qxc2 17. Rxc2 Bd7 18. Bxd7 Nbxd7 19. Rc7 b6 20. Rfc1 Rfd8
21. Kf1 Nd5 22. Rb7 N7f6 23. Ne5 Rf8 24. f3 Ne8 25. e4 Ndf6 26. Nc6 Nd6 27.
Rxa7 Rxa7 28. Nxa7 Nd7 29. Rc7 Nc5 30. Bxc5 bxc5 31. Rxc5 Ra8 32. Rc6 Nxe4 33.
fxe4 f5 34. Rc8+ Rxc8 35. Nxc8 fxe4 36. a5 Kf7 37. a6 Ke8 38. a7 1-0

[Event "Tournoi Skype 025A"]
[Site "Skype"]
[Date "????.??.??"]
[Round "2.10"]
[White "Vasquez, Oscar"]
[Black "Deville, Olivier"]
[Result "0-1"]
[WhiteElo "1646"]
[BlackElo "1850"]
[PlyCount "90"]

1. e4 c5 2. Nc3 Nc6 3. f4 a6 4. Nf3 g6 5. Bc4 b5 6. Be2 Bg7 7. O-O e6 8. d3
Nge7 9. Qe1 O-O 10. Kh1 Nd4 11. Nxd4 cxd4 12. Nd1 Bb7 13. Qh4 Nc6 14. Qxd8
Rfxd8 15. a3 f5 16. Nf2 Ne7 17. Bf3 Rac8 18. Bd1 Rf8 19. Bd2 Bh6 20. exf5 exf5
21. Rc1 Nd5 22. Nh3 Rfe8 23. Bf3 Ba8 24. Bxd5+ Bxd5 25. Ng1 Re6 26. c3 dxc3 27.
bxc3 Bg7 28. d4 Re4 29. Rce1 Bf8 30. Rxe4 Bxe4 31. Nf3 Bxf3 32. Rxf3 Bxa3 33.
g3 Re8 34. Re3 Rxe3 35. Bxe3 Kf7 36. Kg2 Ke6 37. Kf2 Kd5 38. Ke2 Kc4 39. Kd2
Bb2 40. Kc2 Bxc3 41. d5 Bd4 42. Bxd4 Kxd4 43. d6 a5 44. h3 Ke3 45. Kc3 a4 0-1

[Event "Tournoi Skype 025A"]
[Site "Skype"]
[Date "????.??.??"]
[Round "2.11"]
[White "Mishra, Sourabh"]
[Black "Grosso, Raul"]
[Result "0-1"]
[WhiteElo "1633"]
[BlackElo "1847"]
[PlyCount "110"]

1. e4 c5 2. Nc3 g6 3. Nf3 Bg7 4. Bc4 Nc6 5. Ng5 e6 6. d3 h6 7. Nf3 a6 8. O-O
Nge7 9. a3 O-O 10. h3 d5 11. exd5 exd5 12. Ba2 Be6 13. Ne2 Rc8 14. Re1 Qd7 15.
Nf4 Nf5 16. Nxe6 fxe6 17. Bb1 Qf7 18. Re2 Nfd4 19. Nxd4 Nxd4 20. Rd2 h5 21. c3
Nf5 22. Re2 Qf6 23. Qe1 e5 24. Ba2 Ne7 25. Be3 Kh7 26. Rd1 Rfd8 27. Qd2 b5 28.
Rde1 Rd7 29. Bg5 Qd6 30. Bb1 Nf5 31. Qc2 d4 32. c4 Qc6 33. Ba2 Nd6 34. cxb5
axb5 35. Be6 c4 36. Bxd7 Qxd7 37. dxc4 bxc4 38. Qc1 d3 39. Rd2 Qf5 40. Bh4 g5
41. Bg3 Ne4 42. Rxe4 Qxe4 43. f3 Qd5 44. Qe1 g4 45. fxg4 hxg4 46. h4 Bh6 47.
Rd1 e4 48. Qb4 e3 49. Qe7+ Bg7 50. Qxe3 Bd4 51. Bf2 Bxe3 52. Bxe3 Rb8 53. Bc1
Qd4+ 54. Kh1 g3 55. Rf1 Qxh4+ 0-1

[Event "Tournoi Skype 025A"]
[Site "Skype"]
[Date "????.??.??"]
[Round "2.13"]
[White "Rejon, Jose Hector"]
[Black "Altinok, Selim"]
[Result "0-1"]
[WhiteElo "1600"]
[BlackElo "1833"]
[PlyCount "44"]

1. e4 g6 2. d4 d6 3. c4 Nf6 4. Nc3 Bg7 5. f4 O-O 6. Nf3 Nbd7 7. e5 Ne8 8. Be2
c5 9. O-O cxd4 10. Qxd4 Nc7 11. Rd1 Qe8 12. Be3 dxe5 13. Nxe5 Nxe5 14. fxe5 Be6
15. Bf3 Qc8 16. Rac1 Rd8 17. Qc5 Rxd1+ 18. Rxd1 Kf8 19. Qxe7+ Kxe7 20. Bg5+ f6
21. exf6+ Bxf6 22. Bxf6+ Kxf6 0-1

[Event "Tournoi Skype 025A"]
[Site "Skype"]
[Date "????.??.??"]
[Round "2.15"]
[White "Calderon, Francisco"]
[Black "Segura Lozano, Marcos Antonio"]
[Result "0-1"]
[WhiteElo "1516"]
[BlackElo "1828"]
[PlyCount "82"]

1. e4 d6 2. Nc3 g6 3. Nf3 Bg7 4. d4 c6 5. Be3 Qc7 6. a3 Nd7 7. Bc4 Nb6 8. Ba2
e6 9. Qd2 h6 10. Rd1 d5 11. Bf4 Qd8 12. e5 Ne7 13. h3 Nd7 14. g4 b6 15. Ne2 Ba6
16. b4 Qc7 17. Rc1 Bxe2 18. Kxe2 b5 19. c3 a5 20. Qb2 Nc8 21. Bb1 Ncb6 22. Bd3
Nc4 23. Bxc4 dxc4 24. Ra1 Nb6 25. Qc2 Nd5 26. Bg3 O-O 27. h4 Ra7 28. Nd2 Rfa8
29. Qb2 Ra6 30. Ne4 Bf8 31. Nc5 Bxc5 32. bxc5 b4 33. axb4 axb4 34. Rxa6 Rxa6
35. Ra1 bxc3 36. Qc1 Rxa1 37. Qxa1 Qb7 38. Kd1 Qb3+ 39. Kc1 Kg7 40. g5 h5 41.
Bh2 Nb4 0-1

[Event "Tournoi Skype 025A"]
[Site "Skype"]
[Date "????.??.??"]
[Round "2.16"]
[White "Martinez Quintero, Javier"]
[Black "Escudero Ocana, Francisco"]
[Result "1-0"]
[WhiteElo "1821"]
[BlackElo "1406"]
[PlyCount "51"]

1. d4 d5 2. c4 c6 3. e3 Nf6 4. Nd2 Bf5 5. Qb3 b6 6. Bd3 Bxd3 7. Qxd3 e6 8. Ngf3
Bd6 9. O-O Nbd7 10. Re1 e5 11. e4 O-O 12. b3 Re8 13. Bb2 Qc7 14. cxd5 cxd5 15.
exd5 Nxd5 16. dxe5 Nb4 17. Qxd6 Qxd6 18. exd6 Rxe1+ 19. Rxe1 Nd3 20. Re7 Rd8
21. Ba3 Nf4 22. Ne5 Nd5 23. Rxd7 Rxd7 24. Nxd7 Nc3 25. Ne5 Ne2+ 26. Kf1 1-0

[Event "Tournoi Skype 025A"]
[Site "Skype"]
[Date "????.??.??"]
[Round "2.17"]
[White "Rajpurohit, Dinesh"]
[Black "Pena, Eduin"]
[Result "0-1"]
[WhiteElo "1503"]
[BlackElo "1811"]
[PlyCount "108"]

1. e4 e6 2. d4 d5 3. e5 c5 4. c3 Nc6 5. Nf3 Qb6 6. Bd3 Bd7 7. Bc2 Nge7 8. O-O
Nf5 9. Bxf5 exf5 10. Re1 Be7 11. b4 cxb4 12. cxb4 Nxb4 13. Nc3 Be6 14. Rb1 Qc7
15. a3 Nc6 16. Qb3 Rb8 17. Bd2 Qd7 18. Rec1 O-O 19. Ne2 Rfc8 20. Bg5 Na5 21.
Qd3 Rxc1+ 22. Rxc1 Nc6 23. Bxe7 Qxe7 24. Nf4 g6 25. Nxe6 fxe6 26. h4 h6 27. Qb3
Rf8 28. Rb1 Na5 29. Qa4 Qc7 30. Qd1 Rc8 31. Kh1 b6 32. Ne1 Qe7 33. Nf3 Qxa3 34.
h5 g5 35. g4 Rc3 36. Kg2 f4 37. Nd2 Rc7 38. Nb3 Nxb3 39. Rxb3 Qe7 40. Qd3 Qh7
41. Qxh7+ Kxh7 42. Ra3 a5 43. Kf3 Kg7 44. Ke2 Kf7 45. Rb3 Rc6 46. Kd3 Ke7 47.
Rb5 Kd7 48. f3 Kc7 49. Rb3 a4 50. Rb4 Rc4 51. Rxc4+ dxc4+ 52. Kxc4 b5+ 53. Kb4
Kc6 54. Kc3 a3 0-1

[Event "Tournoi Skype 025A"]
[Site "Skype"]
[Date "????.??.??"]
[Round "2.18"]
[White "Carballo, Jorge"]
[Black "Castillo, Jesus"]
[Result "1-0"]
[WhiteElo "1426"]
[BlackElo "1661"]
[PlyCount "81"]

1. d4 Nf6 2. Nf3 e6 3. Bf4 d5 4. e3 Bd6 5. Ne5 Nbd7 6. Nd2 Nxe5 7. dxe5 g5 8.
Bg3 Be7 9. exf6 Bxf6 10. c3 Bd7 11. Nf3 a6 12. Be5 Bc6 13. Qd4 Bxe5 14. Nxe5
Qf6 15. Nxc6 Qxd4 16. Nxd4 O-O 17. O-O-O c6 18. Nf3 h6 19. Ne5 f6 20. Nf3 Rad8
21. Bd3 Rd6 22. Rd2 Rfd8 23. Rhd1 c5 24. c4 Rc8 25. cxd5 c4 26. Be4 c3 27. bxc3
Rxc3+ 28. Rc2 Rxc2+ 29. Kxc2 f5 30. dxe6 Rxd1 31. Kxd1 fxe4 32. Ne5 Kf8 33.
Nd7+ Ke7 34. Nc5 b6 35. Nxa6 Kxe6 36. Nb4 g4 37. g3 h5 38. Kc2 Kd6 39. Kc3 Kc5
40. Nc2 b5 41. Nd4 1-0

[Event "Tournoi Skype 025A"]
[Site "Skype"]
[Date "????.??.??"]
[Round "2.19"]
[White "Montalvo, Mario"]
[Black "Hilton, Stephen"]
[Result "1-0"]
[WhiteElo "1488"]
[BlackElo "1889"]
[PlyCount "65"]

1. c4 e5 2. d3 d6 3. g3 Nf6 4. Bg2 Be7 5. Nc3 O-O 6. e4 Nc6 7. Nge2 Bg4 8. f3
Be6 9. O-O Qd7 10. Be3 Bh3 11. Rf2 Bxg2 12. Rxg2 h6 13. g4 Nh7 14. Qd2 Bg5 15.
Nd5 Nd8 16. Ng3 Ne6 17. Nf5 Nd4 18. Rf1 c6 19. Bxg5 Nxg5 20. Nde7+ Kh8 21. Nxd4
Qxe7 22. Nf5 Qf6 23. Qe3 Nh3+ 24. Kh1 Nf4 25. Rc2 Rfd8 26. Rg1 Qg5 27. h4 Qf6
28. g5 hxg5 29. hxg5 Qe6 30. Rh2+ Kg8 31. Qf2 Ng6 32. Qg3 Ne7 33. Qh3 1-0

[Event "Tournoi Skype 025A"]
[Site "Skype"]
[Date "????.??.??"]
[Round "2.21"]
[White "Mayor Martinez, Juan Jose"]
[Black "Salazar Ticeran, Antonio"]
[Result "1-0"]
[WhiteElo "1850"]
[BlackElo "1558"]
[PlyCount "97"]

1. e4 c5 2. Nf3 Nc6 3. d4 cxd4 4. Nxd4 Nf6 5. Nc3 g6 6. Be2 Bg7 7. Be3 d6 8.
O-O O-O 9. Nb3 a6 10. a4 Be6 11. Bf3 Ne5 12. Be2 Rc8 13. Nd4 Bc4 14. Re1 Bxe2
15. Rxe2 Nc4 16. Bc1 Qa5 17. Nb3 Qh5 18. Re1 Qxd1 19. Rxd1 Nd7 20. Nd5 Rce8 21.
c3 e6 22. Ne3 Nxe3 23. Bxe3 Nf6 24. f3 e5 25. Rxd6 Rd8 26. Rad1 Rxd6 27. Rxd6
Nh5 28. Nc5 Rc8 29. Rd7 Bf8 30. Nxb7 Nf6 31. Rd2 Rb8 32. Nc5 Rc8 33. b4 Bxc5
34. Bxc5 a5 35. Rd3 axb4 36. cxb4 Ra8 37. a5 Nh5 38. g3 Kg7 39. Rd5 f6 40. Rd6
Kh6 41. a6 Re8 42. Be3+ g5 43. b5 Kg6 44. b6 Ng7 45. a7 Ne6 46. b7 Nd4 47. Bxd4
exd4 48. Rxd4 Re7 49. b8=Q 1-0

[Event "Tournoi Skype 025A"]
[Site "Skype"]
[Date "????.??.??"]
[Round "2.22"]
[White "Junqueira, Leonardo De Faria"]
[Black "Sepulveda, Lyda Marcela"]
[Result "0-1"]
[WhiteElo "1560"]
[BlackElo "1683"]
[PlyCount "45"]

1. e4 e5 2. d4 exd4 3. c3 d3 4. Qxd3 Nc6 5. Nf3 Bc5 6. Qd1 d6 7. Bc4 Nf6 8. e5
Ng4 9. Bg5 Qd7 10. e6 fxe6 11. O-O O-O 12. h3 Nge5 13. Nxe5 Nxe5 14. Bb3 Qe8
15. Bh4 Bd7 16. Nd2 Bc6 17. Nc4 Qg6 18. Bg3 Qxg3 19. Ne3 Bxe3 20. Bxe6+ Kh8 21.
Bd5 Bxd5 22. Qxd5 Bxf2+ 23. Kh1 0-1

[Event "Tournoi Skype 025A"]
[Site "Skype"]
[Date "????.??.??"]
[Round "2.23"]
[White "Perez Fermin, Jose"]
[Black "Khetre, Gaurav"]
[Result "0-1"]
[WhiteElo "1550"]
[BlackElo "1677"]
[PlyCount "54"]

1. e4 e6 2. d4 d5 3. e5 c5 4. c3 Nc6 5. Nf3 Qb6 6. Bd3 Bd7 7. O-O cxd4 8. cxd4
Nxd4 9. Nxd4 Qxd4 10. Re1 Bc5 11. Re3 Ne7 12. Nc3 Nf5 13. Rf3 Qxe5 14. Bf4 Qf6
15. Bd2 Qd4 16. Bb5 Rd8 17. Bxd7+ Rxd7 18. Rf4 Qe5 19. Qa4 Ke7 20. Re1 Qf6 21.
Nxd5+ Rxd5 22. Qc2 Rhd8 23. Bc3 Qg6 24. b4 Bb6 25. a4 Nh4 26. Qxg6 Nxg6 27.
Rfe4 Bd4 0-1

[Event "Tournoi Skype 025A"]
[Site "Skype"]
[Date "????.??.??"]
[Round "2.24"]
[White "L'Herbon De Lussats, Jean"]
[Black "Le Brun, Yves"]
[Result "0-1"]
[WhiteElo "1661"]
[BlackElo "1546"]
[PlyCount "132"]

1. e4 g6 2. Nf3 Bg7 3. d4 d6 4. Bc4 e6 5. Bg5 Bf6 6. Qd2 Bxg5 7. Nxg5 Nf6 8.
O-O O-O 9. Re1 h6 10. Nf3 Kg7 11. e5 Ng8 12. Qf4 d5 13. Be2 Nc6 14. h3 g5 15.
Qg3 f5 16. c3 Bd7 17. c4 Nb4 18. Rc1 a5 19. a3 Na6 20. Nh2 c6 21. Bh5 Be8 22.
Bxe8 Qxe8 23. f4 Qg6 24. fxg5 Qxg5 25. Rc3 Ne7 26. h4 Qxg3 27. Rxg3+ Kh7 28.
Nd2 Rg8 29. Rh3 Rg7 30. Kf2 Rag8 31. Rg1 Nc7 32. c5 Nb5 33. Ndf3 f4 34. g4
fxg3+ 35. Rhxg3 Nf5 36. R3g2 Nfxd4 37. Ng4 Nxf3 38. Kxf3 Nd4+ 39. Kf2 Kh8 40.
Nf6 Rxg2+ 41. Rxg2 Rxg2+ 42. Kxg2 Kg7 43. h5 Nb3 44. Kf3 Nxc5 45. b4 axb4 46.
axb4 Nd3 47. Ke3 Nxb4 48. Kd4 b6 49. Nd7 c5+ 50. Kc3 d4+ 51. Kb3 d3 52. Kc3
Nd5+ 53. Kxd3 b5 54. Nxc5 Nf4+ 55. Kd4 Kf7 56. Ne4 b4 57. Nf6 Nd5 58. Nxd5 exd5
59. Kxd5 b3 60. Kd6 Ke8 61. Ke6 b2 62. Kf6 b1=Q 63. Kg7 Qb6 64. Kh7 Kf8 65. Kh8
Qb7 66. e6 Qg7# 0-1

[Event "Tournoi Skype 025A"]
[Site "Skype"]
[Date "????.??.??"]
[Round "2.25"]
[White "Perrone, Gabriel Lorenzo"]
[Black "Trivedi, Viral"]
[Result "1-0"]
[WhiteElo "1544"]
[BlackElo "1644"]
[PlyCount "63"]

1. d4 e6 2. c4 f5 3. Nc3 Nf6 4. Qc2 d5 5. cxd5 exd5 6. Bg5 Bb4 7. e3 O-O 8.
Nge2 c6 9. a3 Bd6 10. Bf4 Be7 11. Ng3 Ne4 12. Bd3 Be6 13. O-O Qc8 14. Rac1 Nd7
15. Rfe1 Ndf6 16. f3 Nxg3 17. Bxg3 Nh5 18. Bf2 g6 19. e4 fxe4 20. fxe4 dxe4 21.
Bxe4 Qc7 22. d5 Bf5 23. dxc6 bxc6 24. Nd5 Qd7 25. Bxf5 gxf5 26. Nxe7+ Kg7 27.
Qc3+ Nf6 28. Qxc6 Qxc6 29. Rxc6 Ng4 30. Bd4+ Kf7 31. Nxf5 Rae8 32. Nd6+ 1-0

[Event "Tournoi Skype 025A"]
[Site "Skype"]
[Date "????.??.??"]
[Round "2.26"]
[White "Aravena, Alvaro"]
[Black "Tiberio, Pedro"]
[Result "1-0"]
[WhiteElo "1643"]
[BlackElo "1538"]
[PlyCount "69"]

1. d4 e6 2. Nf3 Nf6 3. e3 d5 4. b3 Bb4+ 5. Nbd2 Ne4 6. Bb2 Bc3 7. Qc1 c6 8. Bd3
Bxb2 9. Qxb2 Nd6 10. O-O Nd7 11. Rac1 g5 12. c4 dxc4 13. Nxc4 Nxc4 14. bxc4 g4
15. Nd2 Rg8 16. Ne4 Nf6 17. d5 Nxe4 18. Bxe4 cxd5 19. cxd5 exd5 20. Bxh7 Rg5
21. Qh8+ Ke7 22. Qb2 Rh5 23. Qb4+ Ke8 24. Bd3 Qh4 25. Qf4 b6 26. Rc7 Be6 27.
Bb5+ Kf8 28. Rfc1 Kg7 29. Bd7 Qf6 30. Qd6 Bxd7 31. Qxd7 Rah8 32. Qxg4+ Rg5 33.
Qe2 Qh6 34. Qb2+ Qf6 35. Qxf6+ 1-0

[Event "Tournoi Skype 025A"]
[Site "Skype"]
[Date "????.??.??"]
[Round "2.27"]
[White "Bautista, Leidy"]
[Black "Ramirez Reina, Orlando"]
[Result "1-0"]
[WhiteElo "1624"]
[BlackElo "1527"]
[PlyCount "127"]

1. b3 Nf6 2. Bb2 g6 3. Nf3 Bg7 4. g3 O-O 5. Bg2 d6 6. d3 Nbd7 7. Nbd2 c6 8. O-O
a5 9. a4 Re8 10. e3 e5 11. Nc4 Qc7 12. Ba3 c5 13. e4 d5 14. exd5 Nxd5 15. Rc1
Nb4 16. Re1 Nb6 17. Nfd2 Nxc4 18. Nxc4 h5 19. h3 Rb8 20. Qd2 b6 21. Re2 Bb7 22.
Bxb7 Rxb7 23. Rce1 Nc6 24. Bb2 Nd4 25. Bxd4 cxd4 26. f4 f6 27. fxe5 fxe5 28.
Qg5 Kh7 29. Kh2 b5 30. axb5 Rxb5 31. Qc1 Rbb8 32. Qa3 Ra8 33. Qd6 Qxd6 34. Nxd6
Re7 35. Kg2 Ra6 36. Ne4 Kh6 37. Ra1 Raa7 38. Nd6 g5 39. Nc4 e4 40. Rxe4 Rxe4
41. dxe4 d3 42. Rc1 dxc2 43. Rxc2 Re7 44. Re2 Bc3 45. Kf3 Kg6 46. Ke3 Bb4 47.
Rc2 g4 48. hxg4 hxg4 49. Nd2 Rf7 50. Rc6+ Rf6 51. Rxf6+ Kxf6 52. Nc4 Be1 53.
Kf4 Bc3 54. Kxg4 Be5 55. Nxa5 Bc7 56. b4 Ke5 57. Kf3 Kd4 58. g4 Kc3 59. g5 Kxb4
60. Nc6+ Kc5 61. g6 Kxc6 62. g7 Be5 63. g8=Q Kd6 64. Qd5+ 1-0

[Event "Tournoi Skype 025A"]
[Site "Skype"]
[Date "????.??.??"]
[Round "2.28"]
[White "Legueltel, Daniel"]
[Black "Leyton Calderon, Jairo Oswaldo"]
[Result "1/2-1/2"]
[WhiteElo "1528"]
[BlackElo "1624"]
[PlyCount "56"]

1. e4 c5 2. Nf3 g6 3. d4 cxd4 4. Nxd4 Bg7 5. Be3 Nf6 6. Nc3 Nc6 7. Be2 O-O 8.
Qd2 d5 9. exd5 Nxd5 10. Nxc6 bxc6 11. Bd4 e5 12. Bc5 Re8 13. Rd1 Be6 14. Ne4
Qh4 15. Nd6 Nf4 16. Bf3 Red8 17. Qe3 Nd5 18. Qe4 Qf6 19. c4 Nb6 20. b3 Bf5 21.
Qxc6 e4 22. Bxe4 Rac8 23. Nxc8 Qc3+ 24. Ke2 Qb2+ 25. Kf3 Qc3+ 26. Ke2 Qb2+ 27.
Kf3 Qc3+ 28. Ke2 Qb2+ 1/2-1/2

[Event "Tournoi Skype 025A"]
[Site "Skype"]
[Date "????.??.??"]
[Round "2.29"]
[White "Alvarez, Rafael Andres"]
[Black "Chavero, Victor"]
[Result "1-0"]
[WhiteElo "1613"]
[BlackElo "1525"]
[PlyCount "77"]

1. d4 Nf6 2. Bf4 d5 3. e3 e6 4. Bd3 Bd6 5. Bg5 Nbd7 6. Nf3 a6 7. Nbd2 O-O 8.
O-O b6 9. c3 Bb7 10. Qc2 Qe8 11. h3 e5 12. dxe5 Bxe5 13. Nxe5 Qxe5 14. Nf3 Qe6
15. Nd4 Qe5 16. Bf4 Qe7 17. Bxc7 Ne4 18. Rad1 Rac8 19. Bh2 Ndc5 20. Be2 Rfe8
21. Nf5 Qg5 22. Bg4 Rc6 23. Bf4 Qf6 24. Rxd5 Nxf2 25. Rxf2 Ne4 26. Rf1 Nxc3 27.
Qd3 Nxd5 28. Qxd5 Rd8 29. Qb3 Rd2 30. Nd4 Rc5 31. Nf3 Rxb2 32. Qd1 Bxf3 33.
Bxf3 g6 34. Bh6 Rcc2 35. Qd7 Rxg2+ 36. Bxg2 Rxg2+ 37. Kxg2 Qb2+ 38. Rf2 Qxf2+
39. Kxf2 1-0

[Event "Tournoi Skype 025A"]
[Site "Skype"]
[Date "????.??.??"]
[Round "2.30"]
[White "Aranzubia, Desiderio"]
[Black "Sauvaget, Joel"]
[Result "0-1"]
[WhiteElo "1525"]
[BlackElo "1608"]
[PlyCount "63"]

1. d4 d5 2. c4 e5 3. cxd5 Qxd5 4. Nc3 Qxd4 5. Qxd4 exd4 6. Nb5 Na6 7. Nxd4 Bc5
8. Nb3 Bb6 9. a3 Nf6 10. e3 Nc5 11. Nxc5 Bxc5 12. Bd2 O-O 13. Rc1 Bd6 14. f3
Bd7 15. Bc3 Nd5 16. Bd4 Bc6 17. e4 Ne7 18. e5 Bxe5 19. Bxe5 Nd5 20. Kf2 Rfe8
21. Bg3 Rad8 22. Rd1 Nf6 23. Rxd8 Rxd8 24. Bxc7 Rd2+ 25. Ke3 Rxb2 26. g4 Nd5+
27. Kd4 Nxc7 28. Bd3 Rb3 29. Ne2 Rxa3 30. Rb1 Ra4+ 31. Ke3 Ra3 32. Kf2 0-1